000 00607nam a2200169 4500
001 143846
003 ES-MaACL
005 20230906200905.0
007 t|
008 070214s1910 fr r ||||1| fre d
100 1 _aShackleton, E. H.
_9137428
245 1 0 _aAu coeur de l'Antarctique
_b: expédition du `Nimrod` au Pôle Sud /
_cE. H. Shackleton ; la traduction et l'adaptation de ce voyage ont été faites par M. Charles Rabot.
260 _aParis :
_bF. Schmidt,
_c1910.
300 _aXII, 472 p., 109 lám. ;
_c27 x 20 cm +
_e1 map.
700 1 _aRabot, Charles.
_994871
852 _aES-MaACL
_jF-12935
999 _c143846
_d143846